书目信息 |
| 题名: |
自己也能看风水
|
|
| 作者: | 杨肇麟 著 | |
| 分册: | ||
| 出版信息: | 南京 江苏人民出版社 2011.06 |
|
| 页数: | 264页 | |
| 开本: | 24cm | |
| 丛书名: | ||
| 单 册: | ||
| 中图分类: | TU241-64 , B992.4-64 | |
| 科图分类: | ||
| 主题词: | 风水--feng shui--关系--住宅--室内装饰设计--中国--图集 | |
| 电子资源: | ||
| ISBN: | 978-7-214-07119-4 | |
| 000 | 00953nam0 2200253 450 | |
| 001 | 1160787449 | |
| 005 | 20111110165415.81 | |
| 010 | @a978-7-214-07119-4@dCNY49.80@z7-214-07119-3 | |
| 100 | @a20110707d2011 em y0chiy50 ea | |
| 101 | 0 | @achi |
| 102 | @aCN@b320000 | |
| 105 | @aa a 000yy | |
| 200 | 1 | @a自己也能看风水@Azi ji ye neng kan feng shui@e装饰装修与玄空布局@f杨肇麟著 |
| 210 | @a南京@c江苏人民出版社@d2011.06 | |
| 215 | @a264页@c图@d24cm@e速查便携小手册1册 (61页 ; 12cm) | |
| 320 | @a有书目 (第261-262页) | |
| 330 | @a本书针对人们在装饰装修过程中遇到的各种布局“纠结”, 通过图文并茂的方式, 结合玄空风水的基本原理, 为您深入浅出地讲述化解之道。 | |
| 517 | 1 | @a装饰装修与玄空布局@Azhuang shi zhuang xiu yu xuan kong bu ju |
| 606 | 0 | @a风水@Afeng shui@x关系@x住宅@x室内装饰设计@y中国@j图集 |
| 690 | @aTU241-64@v4 | |
| 690 | @aB992.4-64@v4 | |
| 701 | 0 | @a杨肇麟@Ayang zhao lin@4著 |
| 801 | 0 | @aCN@c20110707 |
| 905 | @dTU241-64@eY333 | |
| 自己也能看风水:装饰装修与玄空布局/杨肇麟著.-南京:江苏人民出版社,2011.06 |
| 264页:图;24cm+速查便携小手册1册 (61页 ; 12cm) |
| ISBN 978-7-214-07119-4:CNY49.80 |
| 本书针对人们在装饰装修过程中遇到的各种布局“纠结”, 通过图文并茂的方式, 结合玄空风水的基本原理, 为您深入浅出地讲述化解之道。 |
| ● |
| 相关链接 |
|
|
|
正题名:自己也能看风水
索取号:TU241-64/Y333
 
预约/预借
| 序号 | 登录号 | 条形码 | 馆藏地/架位号 | 状态 | 备注 |
| 1 | 1221060 | 212210604 | 建筑库101/101建筑库 62排2列4层/ [索取号:TU241-64/Y333] | 在馆 | |
| 2 | 1221061 | 212210613 | 建筑库101/101建筑库 62排2列5层/ [索取号:TU241-64/Y333] | 在馆 | |
| 3 | 1221062 | 212210622 | 建筑库101/101建筑库 62排2列4层/ [索取号:TU241-64/Y333] | 在馆 |